Mountain adventure

Bibliographic Details
Main Author: Murray, W
Other Authors: Aitchison, M (illustrated)
Format: Book
Published: Loughborough : Ladybird Books Ltd , 19--
Series:Key words with Peter and Jane
Subjects:

MARC

LEADER 00000cam a2200000 7i4500
001 0000007326
005 20140709.0
020 |a 0721400248 
020 |a 9781409301417 
090 0 0 |a JF   |b MUR 
100 1 |a Murray, W 
245 1 0 |a Mountain adventure   |c W. Murray ; illustrated by M Aitchison 
260 |a Loughborough :   |b Ladybird Books Ltd ,   |c 19-- 
300 |a 51p. :   |b ill. ;   |c 18cm. 
490 0 |a Key words with Peter and Jane 
500 |a Play & Learn Library 
650 0 0 |a Children's stories 
700 1 |a Aitchison, M ,   |e illustrated 
999 |a 00237828   |b BUKU   |c PINJAMAN   |e PERPUSTAKAAN KOMUNITI PETALING JAYA 
999 |a 00237829   |b BUKU   |c PINJAMAN   |e PERPUSTAKAAN KOMUNITI PETALING JAYA 
999 |a 00237830   |b BUKU   |c PINJAMAN   |e PERPUSTAKAAN KOMUNITI CAW KOTA DAMANSARA 
999 |a 00237831   |b BUKU   |c PINJAMAN   |e PERPUSTAKAAN KOMUNITI CAW BANDAR UTAMA 
999 |a 00267752   |b BUKU   |c PINJAMAN   |e PERPUSTAKAAN KOMUNITI CAW KOTA DAMANSARA 
999 |a 00272661   |b BUKU   |c PINJAMAN   |e PERPUSTAKAAN KOMUNITI CAW TAMAN MEDAN 
999 |a 00298483   |b BUKU   |c PINJAMAN   |e PERPUSTAKAAN KOMUNITI PETALING JAYA 
999 |a 00298484   |b BUKU   |c JUNIOR FICTION   |e PERPUSTAKAAN KOMUNITI PETALING JAYA 
999 |a 00309757   |b BUKU   |c PINJAMAN   |e PERPUSTAKAAN KOMUNITI PETALING JAYA 
999 |a 00317720   |b BUKU   |c PINJAMAN   |e PERPUSTAKAAN KOMUNITI CAW KOTA DAMANSARA 
999 |a 00332257   |b BUKU   |c PINJAMAN   |e PERPUSTAKAAN KOMUNITI PETALING JAYA 
999 |a 00332258   |b BUKU   |c PINJAMAN   |e PERPUSTAKAAN KOMUNITI PETALING JAYA 
999 |a 00332259   |b BUKU   |c PINJAMAN   |e PERPUSTAKAAN KOMUNITI CAW BANDAR UTAMA 
999 |a 052600   |b BUKU   |c PINJAMAN   |e MOBILE LIBRARY PKPJ 
999 |a 052601   |b BUKU   |c PINJAMAN   |e PERPUSTAKAAN KOMUNITI PETALING JAYA 
999 |a 052602   |b BUKU   |c PINJAMAN   |e MOBILE LIBRARY PKPJ 
999 |a 054907   |b BUKU   |c PINJAMAN   |e PERPUSTAKAAN KOMUNITI PETALING JAYA 
999 |a 054908   |b BUKU   |c PINJAMAN   |e MOBILE LIBRARY PKPJ 
999 |a 117948   |b BUKU   |c PINJAMAN   |e PERPUSTAKAAN KOMUNITI PETALING JAYA 
999 |a 117949   |b BUKU   |c PINJAMAN   |e MOBILE LIBRARY PKPJ 
999 |a 117950   |b BUKU   |c PINJAMAN   |e MOBILE LIBRARY PKPJ 
999 |a 117951   |b BUKU   |c PINJAMAN   |e PERPUSTAKAAN KOMUNITI PETALING JAYA 
999 |a 117952   |b BUKU   |c PINJAMAN   |e MOBILE LIBRARY PKPJ